Countries of the World with a bad map - Statistics

General Stats
  • This quiz has been taken 55 times
  • The average score is 119 of 196
Answers on the Map
Answers color-coded by a green-red scale on the quiz's map according to % correct below.
 
Answer Stats
Country % Correct
Russia
95%
Denmark
84%
United States
84%
Canada
82%
China
79%
Australia
74%
India
74%
Angola
71%
Brazil
71%
Indonesia
71%
Italy
71%
Sudan
71%
United Kingdom
71%
Chile
68%
Egypt
68%
Greece
68%
Kazakhstan
68%
Kuwait
68%
Argentina
66%
Austria
66%
Bosnia and Herzegovina
66%
Bulgaria
66%
Chad
66%
Fiji
66%
France
66%
Japan
66%
Libya
66%
Madagascar
66%
Peru
66%
Romania
66%
South Africa
66%
Thailand
66%
Zimbabwe
66%
Afghanistan
63%
Albania
63%
Algeria
63%
Belarus
63%
Bolivia
63%
Cameroon
63%
Colombia
63%
Democratic Republic of the Congo
63%
Dominica
63%
Dominican Republic
63%
Estonia
63%
Ethiopia
63%
Finland
63%
Germany
63%
Hungary
63%
Iceland
63%
Iran
63%
Iraq
63%
Ireland
63%
Ivory Coast
63%
Kenya
63%
Mali
63%
Mexico
63%
Morocco
63%
Mozambique
63%
Namibia
63%
New Zealand
63%
Niger
63%
Nigeria
63%
North Korea
63%
Norway
63%
Oman
63%
Pakistan
63%
Papua New Guinea
63%
Paraguay
63%
Poland
63%
Portugal
63%
Serbia
63%
Solomon Islands
63%
South Korea
63%
Spain
63%
Sri Lanka
63%
Sweden
63%
Switzerland
63%
Syria
63%
Tajikistan
63%
Turkey
63%
Turkmenistan
63%
Ukraine
63%
United Arab Emirates
63%
Uzbekistan
63%
Venezuela
63%
Vietnam
63%
Yemen
63%
Zambia
63%
Bangladesh
61%
Benin
61%
Central African Republic
61%
Cuba
61%
Eritrea
61%
Grenada
61%
Haiti
61%
Jordan
61%
Kyrgyzstan
61%
Laos
61%
Latvia
61%
Lithuania
61%
Malaysia
61%
Mauritania
61%
Mongolia
61%
Montenegro
61%
Myanmar
61%
Nauru
61%
Nepal
61%
Netherlands
61%
Nicaragua
61%
Philippines
61%
Republic of the Congo
61%
Saudi Arabia
61%
Senegal
61%
Slovakia
61%
Slovenia
61%
Somalia
61%
South Sudan
61%
Taiwan
61%
Tanzania
61%
Tuvalu
61%
Uganda
61%
Vanuatu
61%
Armenia
58%
Azerbaijan
58%
Belgium
58%
Belize
58%
Bhutan
58%
Botswana
58%
Czech Republic
58%
Ecuador
58%
Gabon
58%
Georgia
58%
Ghana
58%
Guinea
58%
Guinea-Bissau
58%
Guyana
58%
Israel
58%
Kiribati
58%
Maldives
58%
Mauritius
58%
Moldova
58%
North Macedonia
58%
Palau
58%
Panama
58%
Saint Lucia
58%
Togo
58%
Tonga
58%
Uruguay
58%
Vatican City
58%
Bahamas
55%
Bahrain
55%
Burkina Faso
55%
Cape Verde
55%
Comoros
55%
Croatia
55%
Cyprus
55%
Federated States of Micronesia
55%
Honduras
55%
Jamaica
55%
Kosovo
55%
Liberia
55%
Liechtenstein
55%
Monaco
55%
Qatar
55%
Saint Kitts and Nevis
55%
Saint Vincent and the Grenadines
55%
Samoa
55%
San Marino
55%
Seychelles
55%
Tunisia
55%
Andorra
53%
Antigua and Barbuda
53%
Barbados
53%
Burundi
53%
Cambodia
53%
Costa Rica
53%
Djibouti
53%
Equatorial Guinea
53%
Guatemala
53%
Lebanon
53%
Luxembourg
53%
Malta
53%
Marshall Islands
53%
Rwanda
53%
São Tomé and Príncipe
53%
Sierra Leone
53%
Suriname
53%
Trinidad and Tobago
53%
El Salvador
50%
Eswatini
50%
Gambia
50%
Lesotho
50%
Brunei
47%
Malawi
47%
Singapore
47%
East Timor
45%
No matching quizzes found
Score Distribution
Percent of People with Each Score
Percentile by Number Answered
Your Score History
You have not taken this quiz